Autumn leaves : A sheaf of papers, sociological and sinological, philosophical and metaphysical with an autobiographical note

The Autumn leaves includes experiences of a long life, mostly passed in China, views of world problems, criticisms of life and society, impressions of North and South China anecdotes.

Guardat en:
Dades bibliogràfiques
Autor principal: Werner, E.T.C
Format: Llibre
Idioma:Undetermined
Publicat: Shanghai, China Kelly & Walsh 1928
Etiquetes: Afegir etiqueta
Sense etiquetes, Sigues el primer a etiquetar aquest registre!
Thư viện lưu trữ: Trung tâm Học liệu Trường Đại học Cần Thơ
LEADER 00752nam a2200193Ia 4500
001 CTU_111437
008 210402s9999 xx 000 0 und d
082 |a 951 
082 |b W492 
100 |a Werner, E.T.C 
245 0 |a Autumn leaves : 
245 2 |b A sheaf of papers, sociological and sinological, philosophical and metaphysical with an autobiographical note 
245 0 |c E.T.C Werner 
260 |a Shanghai, China 
260 |b Kelly & Walsh 
260 |c 1928 
520 |a The Autumn leaves includes experiences of a long life, mostly passed in China, views of world problems, criticisms of life and society, impressions of North and South China anecdotes. 
904 |i Tuyến 
980 |a Trung tâm Học liệu Trường Đại học Cần Thơ